| 000 | 00937nam a22002657a 4500 | ||
|---|---|---|---|
| 001 | 6987 | ||
| 003 | FISKH | ||
| 005 | 20260212163050.0 | ||
| 008 | 250616b cb ||||| |||| 00| 0 eng d | ||
| 020 | _a0439537630 | ||
| 040 |
_aFISKH _beng _cFISKH _dFISKH |
||
| 050 | _aPZ7.M97274 T | ||
| 082 | _a141 | ||
| 100 | _aMuth, John J | ||
| 245 |
_aThe three questions : _bBased on a story by Leo Tolstoy / _cWritten and illustrated by Jon J Muth |
||
| 260 |
_aNew York : _bScholastic , _c2022. |
||
| 300 |
_a34 unnumbered pages : _bcolor illustrations ; _c28x28 cm. |
||
| 505 | _aM | ||
| 520 | _aNikolai asks his animal friends to help him answer three important questions: "When is the best time to do things?" "Who is the most important?" and "What is the right thing to do?" | ||
| 521 | 8 |
_a560
_bLexile AD |
|
| 521 | 8 |
_aM
_bRaz-Plus |
|
| 650 |
_aCompassion _vJuvenile Literature |
||
| 942 |
_2ddc _cBK _n0 |
||
| 999 |
_c6987 _d6987 |
||